| 000 | 01268nam a2200337Ia 4500 | ||
|---|---|---|---|
| 001 | ebr10540443 | ||
| 003 | CaPaEBR | ||
| 006 | m u | ||
| 007 | cr cn||||||||| | ||
| 008 | 081126s2009 inua sb s000 0 eng d | ||
| 010 | _z 2008051743 | ||
| 020 | _z0253353629 | ||
| 020 | _z9780253007780 | ||
| 020 | _z9780253353627 | ||
| 040 |
_aCaPaEBR _cCaPaEBR |
||
| 035 | _a(OCoLC)787847294 | ||
| 050 | 1 | 4 |
_aNA710 _b.P59 2009eb |
| 082 | 0 | 4 |
_a720.88/2898 _222 |
| 100 | 1 |
_aPlummer, Henry, _d1946- |
|
| 245 | 1 | 0 |
_aStillness & light _h[electronic resource] : _bthe silent eloquence of Shaker architecture / _cHenry Plummer. |
| 246 | 3 | _aStillness and light | |
| 260 |
_aBloomington : _bIndiana University Press, _cc2009. |
||
| 300 |
_a134 p. : _bchiefly col. ill. |
||
| 504 | _aIncludes bibliographical references. | ||
| 533 |
_aElectronic reproduction. _bPalo Alto, Calif. : _cebrary, _d2011. _nAvailable via World Wide Web. _nAccess may be limited to ebrary affiliated libraries. |
||
| 650 | 0 | _aLight in architecture. | |
| 650 | 0 | _aShaker architecture. | |
| 655 | 7 |
_aElectronic books. _2local |
|
| 710 | 2 | _aebrary, Inc. | |
| 856 | 4 | 0 |
_uhttp://site.ebrary.com/lib/rucke/Doc?id=10540443 _zAn electronic book accessible through the World Wide Web; click to view |
| 999 |
_c246054 _d246054 |
||